| 000 | 00319nam a2200121 i 4500 | ||
|---|---|---|---|
| 001 | bg | ||
| 245 | 0 |
_aZagadnienia trwałości wybranych typów kotłów parowych / _cpod red. F. Młynarskiego. |
|
| 260 |
_aKraków, _c1984. |
||
| 040 | _cBPK | ||
| 041 | _apol | ||
| 942 | _cKS | ||
| 008 | s pl f |000 0 pol | ||
| 999 |
_c23310 _d23310 |
||
| 856 |
_uhttp://koha.tu.koszalin.pl/cgi-bin/koha/opac-detail.pl?biblionumber=23310 _yKatalog online BPK |
||